000 00293nam a22001337a 4500
008 181101b xxu||||| |||| 00| 0 eng d
020 _a9780205798377
041 _aeng
080 _28 th
_a370
100 _a370
101 _aEDU
245 _aThe Longman Writer
_cNadel.J
942 _2udc
_cBK
999 _c51546
_d51546